书目信息 |
| 题名: |
植物制片技术
|
|
| 作者: | 李正理 编著 | |
| 分册: | ||
| 出版信息: | 北京 科学出版社 1978.04 |
|
| 页数: | 170页 | |
| 开本: | 19cm | |
| 丛书名: | ||
| 单 册: | ||
| 中图分类: | Q94-336 | |
| 科图分类: | ||
| 主题词: | 植物学--研究 , 植物学--实验 | |
| 电子资源: | ||
| ISBN: | 7-03-002581-4 | |
| 000 | 00619nam0 2200217 450 | |
| 001 | 0853728554 | |
| 005 | 20081007145836.95 | |
| 010 | @a7-03-002581-4@dCNY1.35 | |
| 100 | @a20081007d1978 km y0chiy0120 ea | |
| 101 | 0 | @achi |
| 102 | @aCN@b110000 | |
| 200 | 1 | @a植物制片技术@Azhi wu zhi pian ji shu@f李正理编著@Fli zheng li bian zhu |
| 205 | @a第二版 | |
| 210 | @a北京@c科学出版社@d1978.04 | |
| 215 | @a170页@d19cm | |
| 606 | 0 | @a植物学@x研究 |
| 606 | 0 | @a植物学@x实验 |
| 690 | @aQ94-336@v4 | |
| 701 | 0 | @a李正理@Ali zheng li@4编著 |
| 801 | 0 | @aCN@b大连网信软件有限公司图书馆·11@c20081007 |
| 905 | @aBZT@dQ94-336@e20 | |
| 植物制片技术/李正理编著.-第二版.-北京:科学出版社,1978.04 |
| 170页;19cm |
| ISBN 7-03-002581-4:CNY1.35 |
| ● |
| 相关链接 |
|
|
|
正题名:植物制片技术
索取号:Q94-336/20
 
预约/预借
| 序号 | 登录号 | 条形码 | 馆藏地/架位号 | 状态 | 备注 |
| 1 | 017315 | 201255097 | 中心书库中库/ 中库043架A面3列3层67/ [索取号:Q94-336/20] | 在馆 | |
| 2 | 017316 | 201255088 | 中心书库中库/ 中库043架A面3列3层68/ [索取号:Q94-336/20] | 在馆 | |
| 3 | 017317 | 201255104 | 中心书库中库/ 中库043架A面3列3层69/ [索取号:Q94-336/20] | 在馆 |